书目信息 |
| 题名: |
光活化农药
|
|
| 作者: | 徐汉虹 , 田永清 编著 | |
| 分册: | ||
| 出版信息: | 北京 化学工业出版社 2008 |
|
| 页数: | 163页 | |
| 开本: | 24cm | |
| 丛书名: | ||
| 单 册: | ||
| 中图分类: | TQ45 | |
| 科图分类: | ||
| 主题词: | 光--活化--农药--研究 , 光 , 活化 , 农药 | |
| 电子资源: | ||
| ISBN: | 978-7-122-02290-5 | |
| 000 | 00997nam0 22002891 45 | |
| 005 | 20100303145038.68 | |
| 010 | @a978-7-122-02290-5@dCNY40.00 | |
| 100 | @a20100121d2008 em y0chiy50 ea | |
| 101 | 0 | @achi |
| 102 | @aCN@b110000 | |
| 105 | @aa z 000yy | |
| 106 | @ar | |
| 200 | 1 | @a光活化农药@AGuang Huo Hua Nong Yao@dLight-activated pesticides@f徐汉虹,田永清编著@FXu Han Hong, Tian Yong Qing Bian Zhu@zeng |
| 210 | @a北京@c化学工业出版社@d2008 | |
| 215 | @a163页@c图@d24cm | |
| 300 | @a国家科学技术学术著作出版基金资助出版 | |
| 330 | @a本书内容包括:光活化农药的相关基础、发展历史、光敏毒素的结构和来源,光活化农药的作用机理和活性,有害生物对光活化农药的抗性等。 | |
| 510 | 1 | @aLight-activated pesticides@zeng |
| 606 | 0 | @a光@x活化@x农药@x研究 |
| 606 | 0 | @a光 |
| 606 | 0 | @a活化 |
| 606 | 0 | @a农药 |
| 690 | @aTQ45@v4 | |
| 701 | 0 | @a徐汉虹@AXu Han Hong@4编著 |
| 701 | 0 | @a田永清@ATian Yong Qing@4编著 |
| 801 | 0 | @aCN@bTANGWEI@c20100303 |
| 905 | @b0585367-71@dTQ45@e41@f5 | |
| 光活化农药=Light-activated pesticides/徐汉虹,田永清编著.-北京:化学工业出版社,2008 |
| 163页:图;24cm |
| 国家科学技术学术著作出版基金资助出版 |
| ISBN 978-7-122-02290-5:CNY40.00 |
| 本书内容包括:光活化农药的相关基础、发展历史、光敏毒素的结构和来源,光活化农药的作用机理和活性,有害生物对光活化农药的抗性等。 |
| ● |
| 相关链接 |
|
|
|
|
正题名:光活化农药
索取号:TQ45/41
 
预约/预借
| 序号 | 登录号 | 条形码 | 馆藏地/架位号 | 状态 | 备注 |
| 1 | 0585367 | 205853673 | 第二样本阅览室/ [索取号:TQ45/41] | 在馆 | |
| 2 | 0585368 | 205853682 | 第三借阅区/ [索取号:TQ45/41] | 在馆 | |
| 3 | 0585369 | 205853691 | 第三借阅区/ [索取号:TQ45/41] | 在馆 | |
| 4 | 0585370 | 205853708 | 密集书库-生命科学系/ [索取号:TQ45/41] | 在馆 | |
| 5 | 0585371 | 205853717 | 第三借阅区/ [索取号:TQ45/41] | 在馆 |